The secret of soul-winning. (Record no. 5154)

MARC details
000 -LEADER
fixed length control field 00571cam a2200229I 4500
001 - CONTROL NUMBER
control field 34223
003 - CONTROL NUMBER IDENTIFIER
control field GBCCL
005 - DATE AND TIME OF LATEST TRANSACTION
control field 20241126110534.0
008 - FIXED-LENGTH DATA ELEMENTS--GENERAL INFORMATION
fixed length control field 770216s1963 ilu 000 0 eng d
020 ## - INTERNATIONAL STANDARD BOOK NUMBER
International Standard Book Number 0802476856
035 ## - SYSTEM CONTROL NUMBER
System control number (OCoLC)02743450
040 ## - CATALOGING SOURCE
Original cataloging agency GDC
Transcribing agency IDA
049 ## -
-- LBBK
082 ## - DEWEY DECIMAL CLASSIFICATION NUMBER
Classification number 269.2
Item number OLF
100 1# - MAIN ENTRY--PERSONAL NAME
Personal name Olford, Stephen F.
9 (RLIN) 6112
245 14 - TITLE STATEMENT
Title The secret of soul-winning.
260 ## - PUBLICATION, DISTRIBUTION, ETC.
Place of publication, distribution, etc. Chicago,
Name of publisher, distributor, etc. Moody Press
Date of publication, distribution, etc. [1963]
300 ## - PHYSICAL DESCRIPTION
Extent 124 p.
Dimensions 20 cm.
504 ## - BIBLIOGRAPHY, ETC. NOTE
Bibliography, etc. note Includes bibliography.
650 #0 - SUBJECT ADDED ENTRY--TOPICAL TERM
Topical term or geographic name entry element Evangelistic work.
9 (RLIN) 290
942 ## - ADDED ENTRY ELEMENTS (KOHA)
Source of classification or shelving scheme Dewey Decimal Classification
Koha item type Books
Koha issues (borrowed), all copies 2
Holdings
Withdrawn status Lost status Source of classification or shelving scheme Damaged status Not for loan Home library Current Library Shelving location Date acquired Total checkouts Full call number Barcode Date last seen Date last checked out Copy number Price effective from Koha item type
    Dewey Decimal Classification     GRACE BIBLE COLLEGE GRACE BIBLE COLLEGE Ministry & Mission 2018-02-28 2 269.2 OLF 006280 2025-05-01 2020-01-14 c.1 2018-02-28 Books
© Grace Bible College Library 2025